U.S States with the Most Cows per Square Mile - Statistics

General Stats
  • This quiz has been taken 28 times
  • The average score is 7 of 10
Answer Stats
Cattle/Sqm State % Correct
45.94 Texas
92%
75.22 Kansas
88%
61.76 Iowa
85%
57.46 Missouri
85%
81.35 Nebraska
81%
68.52 Oklahoma
81%
45.51 South Dakota
65%
47.87 Kentucky
62%
38.80 Tennessee
58%
59.09 Wisconsin
50%
No matching quizzes found
Score Distribution
Percent of People with Each Score
Percentile by Number Answered
Your Score History
You have not taken this quiz